Институт природных ресурсов - современный институт с вековыми традициями; Проблемы геологии и освоения недр; Т. 1

Xehetasun bibliografikoak
Parent link:Проблемы геологии и освоения недр: труды XVII Международного симпозиума имени академика М. А. Усова студентов и молодых ученых, Томск, 1-5 апреля 2013 г./ Национальный исследовательский Томский политехнический университет (ТПУ), Институт природных ресурсов (ИПР) ; Общество инженеров-нефтяников, Студенческий чаптер ; под ред. А. Ю. Дмитриева
Т. 1.— 2013.— [С. 32-34]
Egile nagusia: Дмитриев А. Ю. Андрей Юрьевич
Erakunde egilea: Национальный исследовательский Томский политехнический университет (ТПУ) Институт природных ресурсов (ИПР) Кафедра бурения скважин (БС)
Gaia:Заглавие с экрана
Hizkuntza:errusiera
Argitaratua: 2013
Saila:Пленарные доклады
Gaiak:
Sarrera elektronikoa:http://www.lib.tpu.ru/fulltext/c/2013/C11/V1/002.pdf
Formatua: MixedMaterials Baliabide elektronikoa Liburu kapitulua
KOHA link:https://koha.lib.tpu.ru/cgi-bin/koha/opac-detail.pl?biblionumber=604574

MARC

LEADER 00000naa0a2200000 4500
001 604574
005 20260213155735.0
035 |a (RuTPU)RU\TPU\conf\1852 
035 |a RU\TPU\conf\1851 
090 |a 604574 
100 |a 20140312d2013 k y0rusy50 ca 
101 0 |a rus 
102 |a RU 
135 |a arnn ---uucaa 
181 0 |a i  
182 0 |a b 
200 1 |a Институт природных ресурсов - современный институт с вековыми традициями  |f А. Ю. Дмитриев 
203 |a Текст  |c электронный 
225 1 |a Пленарные доклады 
300 |a Заглавие с экрана 
337 |a Adobe Reader 
461 1 |0 (RuTPU)RU\TPU\conf\37  |t Проблемы геологии и освоения недр  |o труды XVII Международного симпозиума имени академика М. А. Усова студентов и молодых ученых, Томск, 1-5 апреля 2013 г.  |o в 2 т.  |f Национальный исследовательский Томский политехнический университет (ТПУ), Институт природных ресурсов (ИПР) ; Общество инженеров-нефтяников, Студенческий чаптер ; под ред. А. Ю. Дмитриева 
463 1 |0 (RuTPU)RU\TPU\conf\38  |t Т. 1  |v [С. 32-34]  |d 2013 
601 0 2 |a Национальный исследовательский Томский политехнический университет (ТПУ)  |b Институт природных ресурсов (ИПР)  |2 stltpush  |3 (RuTPU)RU\TPU\col\16389 
610 1 |a труды учёных ТПУ 
610 1 |a электронный ресурс 
610 1 |a институты 
610 1 |a развитие 
610 1 |a создание 
610 1 |a научные школы 
610 1 |a ученые 
610 1 |a природные ресурсы 
610 1 |a инновационное развитие 
610 1 |a научно-образовательный процесс 
610 1 |a традиции 
610 1 |a история 
700 1 |a Дмитриев  |b А. Ю.  |c специалист в области нефтегазового дела  |c доцент, проректор-директор Томского политехнического университета, кандидат технических наук  |f 1972-  |g Андрей Юрьевич  |3 (RuTPU)RU\TPU\pers\24766 
712 0 2 |a Национальный исследовательский Томский политехнический университет (ТПУ)  |b Институт природных ресурсов (ИПР)  |b Кафедра бурения скважин (БС)  |3 (RuTPU)RU\TPU\col\18666 
801 2 |a RU  |b 63413507  |c 20230314  |g RCR 
856 4 |u http://www.lib.tpu.ru/fulltext/c/2013/C11/V1/002.pdf 
942 |c CF